Loading...
| History - Ancient History | 3 | 5 | 0 | 0 | 95 | 61 | 82.13 | 8 | 8 |
| Fine Arts - Visual Fine Arts | 1 | 6 | 0 | 1 | 75 | 65 | 114.71 | 3 | 7 |
| History - World History | 2 | 4 | 0 | 2 | 70 | 34 | 86.50 | 4 | 6 |
| History - European History | 2 | 3 | 0 | 1 | 60 | 48 | 85.80 | 3 | 5 |
| Geography | 1 | 4 | 0 | 2 | 55 | 43 | 106.40 | 2 | 5 |
| Literature - World Literature | 2 | 3 | 2 | 0 | 50 | 61 | 114.60 | 4 | 5 |
| History - American History | 1 | 4 | 1 | 2 | 50 | 63 | 107.20 | 2 | 5 |
| Religion | 1 | 4 | 2 | 0 | 45 | 68 | 106.20 | 4 | 5 |
| Literature - American Literature | 1 | 3 | 0 | 0 | 45 | 81 | 96.50 | 4 | 4 |
| Literature - European Literature | 1 | 3 | 0 | 0 | 45 | 76 | 104.50 | 1 | 4 |
| Social Science | 1 | 4 | 4 | 0 | 35 | 74 | 102.00 | 4 | 5 |
| Philosophy | 1 | 2 | 1 | 0 | 30 | 72 | 86.33 | 2 | 3 |
| Science - Chemistry | 0 | 3 | 0 | 0 | 30 | 92 | 103.33 | 3 | 3 |
| Science - Other Science | 0 | 3 | 0 | 2 | 30 | 98 | 120.00 | 1 | 3 |
| Science - Physics | 0 | 3 | 1 | 1 | 25 | 120 | 132.33 | 2 | 3 |
| Current Events | 0 | 2 | 2 | 1 | 10 | 97 | 107.50 | 0 | 2 |
| Mythology | 1 | 0 | 1 | 0 | 10 | 52 | 52.00 | 1 | 1 |
| Other Academic | 0 | 1 | 0 | 0 | 10 | 115 | 115.00 | 1 | 1 |
| Science - Biology | 0 | 1 | 0 | 0 | 10 | 121 | 121.00 | 0 | 1 |
| Literature - British Literature | 0 | 1 | 0 | 0 | 10 | 116 | 116.00 | 0 | 1 |
| Fine Arts - Auditory Fine Arts | 0 | 1 | 1 | 0 | 5 | 88 | 88.00 | 1 | 1 |